000 00650nam a2200241 i 4500
001 C2-0307214
003 PPAK
005 20180728093853.0
008 110117s2009 nyu |||| ||||| | eng d
020 _a9781451628753
040 _aPPAK
_beng
_cPPAK
_erda
082 0 4 _a204.32
_223
090 0 0 _a204.32
_bSHA
_dG
100 1 _aSha, Zhi Gang,
_eauthor
245 1 0 _aDivine soul songs
264 1 _aNew York :
_bAtria Books ,
_c2009
300 _alxxi, 300 pages ;
_c18 cm
336 _2rdacontent
_atext
337 _2rdamedia
_aunmediated
338 _2rdacarrier
_avolume
650 1 0 _aSpiritual life. ; Spiritual healing.
942 _ddc
_cB
999 _c109986
_d109986